| 000 | 00832ngm a22003130a 4500 | ||
|---|---|---|---|
| 001 | PT34937 | ||
| 003 | AR-LpoUNG | ||
| 005 | 20210202000443.0 | ||
| 007 | vd cvaizq | ||
| 008 | 191001suuuu||||ag |||||||||||||||||spa d | ||
| 040 |
_aAR-LpoUNG _bspa _cAR-LpoUNG _eaacr |
||
| 041 | _aspa | ||
| 044 | _aag | ||
| 082 | 0 | _a980 175v4 | |
| 245 | 1 | 0 | _aEstados Unidos de America del Sur |
| 260 |
_aBuenos Aires : _bInstrumedia, _cs.f. |
||
| 300 | _aDVD : son., col. | ||
| 505 | 0 | _aBasado en el libro de Jorge Abelardo Ramos | |
| 650 | 4 | _aAMERICA LATINA | |
| 650 | 4 | _aHISTORIA | |
| 650 | 4 | _aHISTORIA POLITICA | |
| 651 | 4 | _aAmérica Latina | |
| 653 | _aCINE ARGENTINO | ||
| 653 | _aDOCUMENTALES | ||
| 653 | _aVIDEOS | ||
| 710 | 2 | _aInstituto Nacional de Artes Audiovisuales (Buenos Aires) | |
| 905 | _a34937 | ||
| 942 | _cDVD | ||
| 999 |
_c54868 _d54868 |
||